000 00346nam a2200145Ia 4500
003 OSt
005 20240104104156.0
008 170523s9999 xx 000 0 und d
020 _a9788126518197
040 _cIIMT UNIVERSITY
100 _aRandolph- Nick
245 0 _aProfessional Visual Studio 2008
260 _aWiley India
942 _2ddc
_c02
999 _c12324
_d12324